| Tag |
First Indicator |
Second Indicator |
Subfields |
| LEADER |
00000cam a2200000La 4500 |
| 001 |
in00001740121 |
| 005 |
20220105120636.0 |
| 006 |
m u |
| 007 |
cr cn--------- |
| 008 |
020322s2000 ctuad sb 001 0 eng d |
| 020 |
|
|
|a 0585394172 (electronic bk.)
|
| 035 |
|
|
|a (OCoLC)ocm49851776
|
| 040 |
|
|
|a N$T
|c N$T
|d OCLCQ
|d UtOrBLW
|
| 049 |
|
|
|a IICA
|
| 050 |
1 |
4 |
|a LB2395
|b .P69 2000eb
|
| 082 |
0 |
4 |
|a 378.1/70281
|2 21
|
| 245 |
0 |
0 |
|a Practical approaches to using learning styles in higher education /
|c edited by Rita Dunn and Shirley A. Griggs.
|
| 264 |
|
1 |
|a Westport, Conn. :
|b Bergin & Garvey,
|c 2000.
|
| 300 |
|
|
|a xi, 269 pages :
|b illustrations, charts ;
|c 25 cm.
|
| 336 |
|
|
|a text
|b txt
|2 rdacontent
|
| 337 |
|
|
|a computer
|b c
|2 rdamedia
|
| 338 |
|
|
|a online resource
|b cr
|2 rdacarrier
|
| 504 |
|
|
|a Includes bibliographical references (pages [247]-259) and index.
|
| 533 |
|
|
|a Electronic reproduction.
|b Boulder, Colo. :
|c NetLibrary,
|d 2002.
|n Available via World Wide Web.
|n Access may be limited to NetLibrary affiliated libraries.
|
| 500 |
|
|
|a Electronic resource.
|
| 650 |
|
0 |
|a Study skills.
|0 http://id.loc.gov/authorities/subjects/sh85129331
|
| 650 |
|
0 |
|a Education, Higher.
|0 http://id.loc.gov/authorities/subjects/sh85041065
|
| 655 |
|
7 |
|a Electronic books.
|2 local
|
| 700 |
1 |
|
|a Dunn, Rita,
|d 1929-2009.
|0 http://id.loc.gov/authorities/names/n50024926
|
| 700 |
1 |
|
|a Griggs, Shirley A.
|0 http://id.loc.gov/authorities/names/n87838722
|
| 710 |
2 |
|
|a NetLibrary, Inc.
|0 http://id.loc.gov/authorities/names/no99080690
|
| 776 |
1 |
|
|c Original
|z 089789703X
|w (DLC) 99040321
|
| 856 |
4 |
1 |
|u https://proxy.library.tamu.edu/login?url=http://www.netLibrary.com/urlapi.asp?action=summary&v=1&bookid=63734
|z Connect to the full text of this electronic book
|t 0
|
| 994 |
|
|
|a X0
|b IIC
|
| 999 |
|
|
|a MARS
|
| 999 |
f |
f |
|s 2016c8b5-8b13-38e0-a407-0fca5b78fda0
|i 3fe9eba2-e0b2-3419-945b-4a3efb390d69
|t 0
|
| 952 |
f |
f |
|a Texas A&M University
|b College Station
|c Electronic Resources
|d Available Online
|t 0
|e LB2395 .P69 2000eb
|h Library of Congress classification
|
| 998 |
f |
f |
|a LB2395 .P69 2000eb
|t 0
|l Available Online
|